Anuario bibliográfico dominicano 1946 / (Registro nro. 33019)
[ vista simple ]
| 000 -CABECERA | |
|---|---|
| campo de control de longitud fija | 00789nam a2200229 c 4500 |
| 001 - NÚMERO DE CONTROL | |
| campo de control | 000033528 |
| 003 - IDENTIFICADOR DEL NÚMERO DE CONTROL | |
| campo de control | DO-SdBNP |
| 005 - FECHA Y HORA DE LA ÚLTIMA TRANSACCIÓN | |
| campo de control | 20250827100253.0 |
| 007 - CAMPO FIJO DE DESCRIPCIÓN FÍSICA--INFORMACIÓN GENERAL | |
| campo de control de longitud fija | ta |
| 008 - DATOS DE LONGITUD FIJA--INFORMACIÓN GENERAL | |
| campo de control de longitud fija | 110831s1947 dr n 000 0 spa d |
| 040 ## - FUENTE DE LA CATALOGACIÓN | |
| Centro catalogador/agencia de origen | DO-SdBNP |
| Lengua de catalogación | spa |
| Centro/agencia transcriptor | BNPHU |
| Normas de descripción | rda |
| 041 ## - CÓDIGO DE LENGUA | |
| Código de lengua original | spa |
| 110 1# - ENTRADA PRINCIPAL--NOMBRE DE ENTIDAD CORPORATIVA | |
| Nombre de entidad corporativa o nombre de jurisdicción como elemento de entrada | Oficina de Canje y Difusión Cultural |
| 9 (RLIN) | 82211 |
| 222 ## - TÍTULO CLAVE | |
| Título clave | Anuario |
| 245 00 - MENCIÓN DE TÍTULO | |
| Título | Anuario bibliográfico dominicano 1946 / |
| Mención de responsabilidad, etc. | Oficina de Canje y Difusión Cultural |
| 260 ## - PUBLICACIÓN, DISTRIBUCIÓN, ETC. | |
| Lugar de publicación, distribución, etc. | Ciudad Trujillo, República Dominicana : |
| Nombre del editor, distribuidor, etc. | Luis Sánchez Andujar, |
| Fecha de publicación, distribución, etc. | 1947. |
| 300 ## - DESCRIPCIÓN FÍSICA | |
| Extensión | 183 p. : ; |
| Dimensiones | 23 cm. |
| 500 ## - NOTA GENERAL | |
| Nota general | Adscrita a la división jurídica y de cooperación intelectual de la secretaria de estado de Relaciones Exteriores. |
| 590 ## - NOTA LOCAL (RLIN) | |
| Nota local | Inventariado, 2022/ YL |
| 910 ## - DATOS DE OPCIÓN DEL USUARIO (OCLC) | |
| Datos de opción del usuario | YLockward. |
| 942 ## - ELEMENTOS DE PUNTO DE ACCESO ADICIONAL (KOHA) | |
| Fuente del sistema de clasificación o colocación | Dewey Decimal Classification |
| Tipo de ítem Koha | Libro |
| Estado de retiro | Estado de pérdida | Fuente del sistema de clasificación o colocación | Restricciones de uso | No para préstamo | Código de colección | Localización permanente | Ubicación/localización actual | Ubicación en estantería | Fecha de adquisición | Número de inventario | Signatura topográfica completa | Código de barras | Fecha visto por última vez | Precio válido a partir de | Tipo de ítem Koha |
|---|---|---|---|---|---|---|---|---|---|---|---|---|---|---|---|
| Dewey Decimal Classification | Excluido de préstamo | Patrimonio Dominicano Raros y Valiosos | Biblioteca Nacional Pedro Henríquez Ureña | Biblioteca Nacional Pedro Henríquez Ureña | Depósito | 31.08.2011 | LF1 | xx xx | 33528-10 | 25.06.2020 | 25.06.2020 | Libro |
